<?xml version="1.0" encoding="UTF-8"?>
<collection xmlns="http://www.loc.gov/MARC21/slim">
 <record>
  <leader>01162cam a2200301 7i4500</leader>
  <controlfield tag="001">0000156217</controlfield>
  <controlfield tag="005">20250325090000.0</controlfield>
  <controlfield tag="008">250324t20242024xxua   ###   #00001eng##</controlfield>
  <datafield tag="020" ind1="#" ind2="#">
   <subfield code="a">9781032004679 </subfield>
  </datafield>
  <datafield tag="040" ind1="#" ind2="#">
   <subfield code="a">UMT </subfield>
   <subfield code="b">eng </subfield>
   <subfield code="c">UMT </subfield>
   <subfield code="d">Loc </subfield>
   <subfield code="e">rda</subfield>
  </datafield>
  <datafield tag="090" ind1="0" ind2="#">
   <subfield code="a">SH 136 .S88 </subfield>
   <subfield code="b">I58 2024</subfield>
  </datafield>
  <datafield tag="245" ind1="0" ind2="3">
   <subfield code="a">An introduction to sustainable aquaculture  </subfield>
   <subfield code="c">edited by Daniel Penalosa Martinell, Francisco Javier Vergara Solana, Marcelo Eduardo Araneda Padilla, and Fernando Aranceta Garza..</subfield>
  </datafield>
  <datafield tag="264" ind1="#" ind2="4">
   <subfield code="c">♭2024</subfield>
  </datafield>
  <datafield tag="264" ind1="#" ind2="1">
   <subfield code="a">New York, NY: </subfield>
   <subfield code="b">Routledge,, </subfield>
   <subfield code="c">[2024]</subfield>
  </datafield>
  <datafield tag="300" ind1="#" ind2="#">
   <subfield code="a">vii, 350 pages: </subfield>
   <subfield code="b">illustrations; </subfield>
   <subfield code="c">24 cm</subfield>
  </datafield>
  <datafield tag="336" ind1="#" ind2="#">
   <subfield code="a">text -- </subfield>
   <subfield code="2">rdacontent</subfield>
  </datafield>
  <datafield tag="337" ind1="#" ind2="#">
   <subfield code="a">unmediated -- </subfield>
   <subfield code="2">rdamedia</subfield>
  </datafield>
  <datafield tag="338" ind1="#" ind2="#">
   <subfield code="a">volume -- </subfield>
   <subfield code="2">rdacarrier</subfield>
  </datafield>
  <datafield tag="504" ind1="#" ind2="#">
   <subfield code="a">Includes bibliographical references and index</subfield>
  </datafield>
  <datafield tag="590" ind1="#" ind2="#">
   <subfield code="a">Fakulti Pengajian Maritim (FPM)</subfield>
  </datafield>
  <datafield tag="591" ind1="#" ind2="#">
   <subfield code="a">Pameran Buku Ilmiah 2024</subfield>
  </datafield>
  <datafield tag="650" ind1="#" ind2="0">
   <subfield code="a">Sustainable aquaculture </subfield>
  </datafield>
  <datafield tag="650" ind1="#" ind2="0">
   <subfield code="a">Aquaculture </subfield>
  </datafield>
  <datafield tag="700" ind1="1" ind2="#">
   <subfield code="a">Penalosa Martinell, Daniel, </subfield>
  </datafield>
  <datafield tag="700" ind1="1" ind2="#">
   <subfield code="a">Vergara Solana, Francisco Javier, </subfield>
  </datafield>
  <datafield tag="700" ind1="1" ind2="#">
   <subfield code="a">Araneda Padilla, Marcelo Eduardo, </subfield>
  </datafield>
  <datafield tag="700" ind1="1" ind2="#">
   <subfield code="a">Aranceta Garza, Fernando </subfield>
  </datafield>
  <datafield tag="999" ind1=" " ind2=" ">
   <subfield code="a">1100117302</subfield>
   <subfield code="b">Book</subfield>
   <subfield code="c">Open Shelf</subfield>
   <subfield code="e">KOLEKSI TERBUKA</subfield>
  </datafield>
 </record>
</collection>
